00873 2200289 4500001002100000005001700021008004100038020002200079035002500101040001200126082001500138084002100153100003000174245013300204250001100337260003000348300003000378500001100408504003100419650002500450700001700475700002200492700001900514700001700533850001200550990002100562INLIS00000000001995220160516094058.0  a978-602-296-190-1 a0010-051600000000386 aYOPDYOG 223a297.74 aDEP 297.74 Ann D aAN-NA'IM, ABDULLAHI AHMED aDekonstruksi syari'ahc/ Abdullahi Ahmed An-Na'im; penerjemah, Ahmad Suaedy, Amirudin Ar-Rany; editor, M. Jadul Maula, Imam Aziz aCet. 1 aYogyakartabIrcisodc2016 axxiii, 344 hlm.c; 21 cm. aIndeks aBibliografi : hlm. 310-333 aIslam - Perkembangan aAhmad Suaedy aAr-Rany, Amirudin aM. Jadul Maula aM. Imam Aziz aYOPDYOG aCB-D.11/2016-002